[Event "It IM"]
[Site "?"]
[Date "1998.03.30"]
[Round "8"]
[White "Aagaard Jacob"]
[Black "Cobb James"]
[Result "1-0"]
[WhiteElo "2395"]
[BlackElo "2330"]
[PlyCount "79"]
[EventDate "1998.??.??"]
[Source "www.chesslib.no"]
[SourceDate "2004.05.04"]

1. e4 e5 2. Nf3 Nc6 3. Bb5 a6 4. Ba4 Nf6 5. O-O Be7 6. Re1 b5 7. Bb3 d6 8. c3 O-O 9. a3 Be6 10. d4 Bxb3 11. Qxb3 exd4 12. cxd4 d5 13. e5 Ne4 14. Nc3 Nxc3 15. Qxc3 Qd7 16. Bg5 b4 17. Qd3 bxa3 18. bxa3 Rfb8 19. Rac1 Nd8 20. Bxe7 Qxe7 21. g3 Rb6 22. Rc5 Qd7 23. Ng5 Rg6 24. f4 h6 25. Nf3 Ne6 26. f5 Nxc5 27. dxc5 Rg4 28. e6 Qc6 29. exf7+ Kf8 30. Ne5 Qxc5+ 31. Re3 Qc1+ 32. Kg2 Qb2+ 33. Kh3 Rd4 34. Ng6+ Kxf7 35. Re7+ Kf6 36. Qe3 Re4 37. Rxe4 dxe4 38. Qxe4 Qb5 39. Qe7+ Kxf5 40. Nh4# 1-0

[Event "Moscow-ch"]
[Site "Moscow"]
[Date "1982.??.??"]
[Round "10"]
[White "Suetin, Alexey S"]
[Black "Smagin, Sergey"]
[Result "0-1"]
[WhiteElo "2450"]
[BlackElo "2270"]
[PlyCount "154"]
[EventDate "1982.02.??"]
[Source "ChessBase"]

1. e4 e5 2. Nf3 Nc6 3. Bb5 a6 4. Ba4 Nf6 5. O-O Be7 6. Re1 b5 7. Bb3 O-O 8. a3 d6 9. c3 Be6 10. d4 Bg4 11. Be3 exd4 12. cxd4 d5 13. e5 Ne4 14. Nbd2 Qd7 15. Qb1 Nxd2 16. Nxd2 Bf5 17. Bc2 Bxc2 18. Qxc2 Nd8 19. Rec1 c5 20. dxc5 d4 21. Bf4 Ne6 22. Qf5 Bxc5 23. Ne4 Qd5 24. Bg3 Be7 25. Qf3 Rfd8 26. Qd3 Rac8 27. f4 Rc4 28. Rf1 Nc5 29. Nxc5 Qxc5 30. Rad1 Rc2 31. Rf2 Rc1 32. Rfd2 Qc4 33. Bf2 Bc5 34. Kf1 Bb6 35. Ke2 Rxd1 36. Rxd1 Qc6 37. Kf1 h6 38. Be1 Rc8 39. Bf2 Qd5 40. Qf3 Qc4+ 41. Qd3 Qa2 42. Qb1 Qb3 43. Rd2 Qd5 44. h3 Rc6 45. Kg1 Rg6 46. g3 Rc6 47. Qd1 Rc4 48. Kh2 Qc6 49. Qh1 Qg6 50. Qd1 Ba5 51. b4 Bb6 52. Bxd4 Bxd4 53. Rxd4 Rc3 54. g4 Rxa3 55. Qc1 Ra4 56. Qc8+ Kh7 57. Rd6 Qe4 58. Qf5+ Qxf5 59. gxf5 Rxb4 60. Kg3 a5 61. Rd7 a4 62. Rxf7 a3 63. f6 a2 64. Ra7 Ra4 65. Rxa4 bxa4 66. f7 a1=Q 67. f8=Q Qg1+ 68. Kf3 Qf1+ 69. Kg3 Qd3+ 70. Kg4 a3 71. Qa8 h5+ 72. Kh4 Qe3 73. Qf8 Qf2+ 74. Kxh5 Qg3 75. f5 Qxh3+ 76. Kg5 Qg3+ 77. Kh5 g6+ 0-1

[Event "Belgrade Open"]
[Site "Belgrade SCG"]
[Date "1989.??.??"]
[Round "3"]
[White "Azaric, Slavko"]
[Black "Ziatdinov, Raset"]
[Result "0-1"]
[WhiteElo "2345"]
[BlackElo "2355"]
[PlyCount "80"]
[EventDate "1989.11.??"]
[Source "www.chesslib.no"]
[SourceDate "2004.05.04"]

1. e4 e5 2. Nf3 Nc6 3. Bb5 a6 4. Ba4 Nf6 5. O-O Be7 6. Re1 b5 7. Bb3 d6 8. c3 O-O 9. a3 Be6 10. Bxe6 fxe6 11. d4 Nh5 12. d5 Na5 13. b4 Nc4 14. dxe6 Qe8 15. Nbd2 Nxd2 16. Bxd2 Qg6 17. c4 Qxe6 18. Qe2 Rab8 19. cxb5 axb5 20. a4 bxa4 21. Rxa4 Nf4 22. Bxf4 Rxf4 23. Nd2 d5 24. g3 Rf7 25. exd5 Qd7 26. Ra3 Bxb4 27. Rd3 e4 28. Nxe4 Bxe1 29. Qxe1 Re7 30. Qe2 Kh8 31. Kg2 Re5 32. Nc5 Qxd5+ 33. Rxd5 Rxe2 34. Na6 Rf8 35. Nxc7 Rfxf2+ 36. Kh3 Rxh2+ 37. Kg4 h6 38. Rd7 Rhf2 39. Nd5 Rd2 40. Kh3 g6 0-1

[Event "Comunic 6 CXSP"]
[Site "?"]
[Date "2004.06.16"]
[Round "2"]
[White "Needleman Alejandro"]
[Black "Marrero Yaniet"]
[Result "1/2-1/2"]
[WhiteElo "2420"]
[BlackElo "2271"]
[PlyCount "136"]
[EventDate "2004.??.??"]
[Source "www.chesslib.no"]
[SourceDate "2004.05.04"]

1. e4 e5 2. Nf3 Nc6 3. Bb5 a6 4. Ba4 Nf6 5. O-O b5 6. Bb3 Be7 7. Re1 d6 8. c3 O-O 9. a3 Na5 10. Ba2 Bb7 11. b4 Nc4 12. d3 Nb6 13. Qc2 Nbd7 14. c4 bxc4 15. dxc4 c6 16. Nbd2 Qc7 17. Nb3 Rfe8 18. Na5 Bc8 19. Bb3 Nb8 20. Ba4 Bg4 21. Nd2 Rc8 22. Nf1 Be6 23. Ne3 g6 24. Bb2 Nfd7 25. Rac1 Ra7 26. Qd3 Qd8 27. h3 Bf8 28. Kh2 Nc5 29. Qc2 Nxa4 30. Qxa4 Qh4 31. Qc2 Nd7 32. Rcd1 Nf6 33. f3 Nh5 34. Kg1 Nf4 35. Qf2 Qg5 36. Kh2 f5 37. Qg3 Qxg3+ 38. Kxg3 Rf7 39. exf5 gxf5 40. c5 dxc5 41. Bxe5 Ng6 42. Nec4 Bxc4 43. Nxc4 cxb4 44. Bd6 bxa3 45. f4 Rb7 46. Re3 a2 47. Ra1 Rd8 48. Bxf8 Kxf8 49. Rxa2 Rd4 50. Ne5 Nxe5 51. Rxe5 Rb3+ 52. Kh4 Rxf4+ 53. Kg5 Rf1 54. Rxa6 Rg3+ 55. Kh5 Rxg2 56. Rxc6 Kf7 57. Rb5 Re2 58. Kg5 Rg2+ 59. Kh5 Re2 60. Rh6 Kg7 61. Rb7+ Kg8 62. Rhxh7 Rh1 63. Kg5 Rg1+ 64. Kf6 Re8 65. Rhg7+ Rxg7 66. Rxg7+ Kh8 67. Rg5 Rf8+ 68. Ke7 Rc8 1/2-1/2

[Event "Torneo MI"]
[Site "Santa Cruz de la Palma SPA"]
[Date "2007.09.11"]
[Round "1"]
[White "Hernandez Leon, Alberto"]
[Black "Alonso García, Rene"]
[Result "1/2-1/2"]
[WhiteElo "2275"]
[BlackElo "2384"]
[PlyCount "36"]
[EventDate "2007.09.11"]
[Source "www.chesslib.no"]
[SourceDate "2004.05.04"]

1. e4 e5 2. Nf3 Nc6 3. Bb5 a6 4. Ba4 Nf6 5. O-O Be7 6. Re1 b5 7. Bb3 d6 8. c3 O-O 9. a3 Rb8 10. h3 Na5 11. Bc2 c5 12. b4 Nc6 13. d4 Qc7 14. d5 Nd8 15. Nbd2 c4 16. Nf1 Ne8 17. g4 g6 18. Ng3 Ng7 1/2-1/2

[Event "Luzern ol (Men)"]
[Site "Lucerne SUI"]
[Date "1982.??.??"]
[Round "12"]
[White "Mendoza, Rafael"]
[Black "Lhagva, Jambaldoo"]
[Result "0-1"]
[WhiteElo "2295"]
[BlackElo "2335"]
[PlyCount "76"]
[EventDate "1982.10.??"]
[Source "www.chesslib.no"]
[SourceDate "2004.05.04"]

1. e4 e5 2. Nf3 Nc6 3. Bb5 a6 4. Ba4 Nf6 5. O-O Be7 6. Re1 b5 7. Bb3 d6 8. c3 O-O 9. a3 Nd7 10. d4 Bf6 11. Be3 Bb7 12. Nbd2 exd4 13. cxd4 Na5 14. Ba2 c5 15. Bf4 Be7 16. b4 cxb4 17. axb4 Nc6 18. Qb3 a5 19. bxa5 Rxa5 20. Nf1 Nb6 21. d5 Nb8 22. Bd2 Ra4 23. Ng3 N8d7 24. Nf5 Bf6 25. Bc3 Nc5 26. Qb2 Nxe4 27. Bxf6 Qxf6 28. N3d4 g6 29. Nh6+ Kg7 30. Rxe4 Kxh6 31. Rae1 Bxd5 32. Bxd5 Nxd5 33. Qd2+ Kg7 34. Nxb5 Rxe4 35. Rxe4 Rb8 36. Na3 Rb2 37. Qe1 Ra2 38. Nb1 Ra1 0-1

[Event "BUL-ch"]
[Site "?"]
[Date "1997.??.??"]
[Round "8"]
[White "Marholev Dimitar"]
[Black "Radulski Julian"]
[Result "1-0"]
[WhiteElo "2240"]
[BlackElo "2385"]
[PlyCount "109"]
[EventDate "1997.??.??"]
[Source "www.chesslib.no"]
[SourceDate "2004.05.04"]

1. e4 e5 2. Nf3 Nc6 3. Bb5 a6 4. Ba4 Nf6 5. O-O Be7 6. Re1 b5 7. Bb3 d6 8. c3 O-O 9. a3 Na5 10. Bc2 c6 11. d3 Qc7 12. Nbd2 Re8 13. b4 Nb7 14. d4 Bf8 15. Bb2 Bg4 16. h3 Bh5 17. Nf1 Rad8 18. Ng3 Bg6 19. Qb1 a5 20. Nh4 Nd7 21. Nhf5 d5 22. dxe5 Nxe5 23. exd5 cxd5 24. Nd4 Nd6 25. Ngf5 Nec4 26. Rxe8 Rxe8 27. Nxd6 Qxd6 28. Nxb5 Qf4 29. Bxg6 hxg6 30. Qc2 Rb8 31. Nd4 Bd6 32. g3 Qf6 33. Rf1 Bc5 34. Bc1 Bb6 35. h4 Re8 36. Kg2 Re4 37. Bg5 Qe5 38. Bf4 Qe8 39. Qc1 Qa4 40. Nf3 Re2 41. Nd4 Rb2 42. Re1 axb4 43. axb4 Bxd4 44. cxd4 Qa2 45. Re8+ Kh7 46. Qe1 Na3 47. Ra8 Rc2 48. Qe8 Rxf2+ 49. Kh3 Rh2+ 50. Kg4 Rxh4+ 51. gxh4 Qg2+ 52. Bg3 f5+ 53. Kf4 Qf1+ 54. Ke5 Nc4+ 55. Kxd5 1-0

[Event "Kecskemet Open"]
[Site "Kecskemet HUN"]
[Date "1985.??.??"]
[Round "2"]
[White "Barczay, Laszlo"]
[Black "Siklosi, Zoltan"]
[Result "0-1"]
[WhiteElo "2360"]
[BlackElo "2250"]
[PlyCount "88"]
[EventDate "1985.??.??"]
[Source "www.chesslib.no"]
[SourceDate "2004.05.04"]

1. e4 e5 2. Nf3 Nc6 3. Bb5 a6 4. Ba4 Nf6 5. O-O Be7 6. Re1 b5 7. Bb3 d6 8. c3 O-O 9. a3 Re8 10. d4 Bg4 11. d5 Na5 12. Ba2 c6 13. dxc6 Qc7 14. Bg5 Rad8 15. Nbd2 Nxc6 16. Nf1 h6 17. Bxf6 Bxf6 18. Ne3 Be6 19. Nd5 Bxd5 20. Qxd5 Rc8 21. Rad1 Red8 22. b4 Rd7 23. Re3 Na7 24. h3 Rb8 25. Nh2 g6 26. Rf3 Bg7 27. Ng4 Nc8 28. Qd2 Kh7 29. h4 Nb6 30. h5 g5 31. Rd3 Rbd8 32. Qe2 Nc4 33. Bxc4 Qxc4 34. Qf3 Qe6 35. Ne3 Rc7 36. Nf5 Bf8 37. Rd5 Rc6 38. Qd3 Rdc8 39. Rc1 Kg8 40. a4 bxa4 41. Ra5 Qb3 42. Rxa6 Rxc3 43. Rxc3 Rxc3 44. Qd5 Rd3 0-1

[Event "JUG-chT"]
[Site "Budva"]
[Date "1996.??.??"]
[Round "6"]
[White "Azaric, Slavko"]
[Black "Petkovic, Radosav"]
[Result "0-1"]
[WhiteElo "2290"]
[BlackElo "2320"]
[PlyCount "44"]
[EventDate "1996.??.??"]
[Source "ChessBase"]

1. e4 e5 2. Nf3 Nc6 3. Bb5 a6 4. Ba4 Nf6 5. O-O b5 6. Bb3 Be7 7. Re1 O-O 8. c3 d6 9. a3 h6 10. d4 Bg4 11. d5 Na5 12. Ba2 Bd7 13. b4 Nb7 14. Nbd2 Re8 15. Nf1 Bf8 16. Ng3 g6 17. h3 Bg7 18. Nh2 Rc8 19. Be3 Qe7 20. Ng4 Nxg4 21. hxg4 Qh4 22. f3 Qxg3 0-1

[Event "Skopje ol (Men)"]
[Site "Skopje MKD"]
[Date "1972.10.04"]
[Round "8.1"]
[White "German, Eugenio M"]
[Black "Ribeiro, Joao-Mario"]
[Result "1/2-1/2"]
[WhiteElo "2300"]
[BlackElo "2300"]
[PlyCount "81"]
[EventDate "1972.09.??"]
[Source "www.chesslib.no"]
[SourceDate "2004.05.04"]

1. e4 e5 2. Nf3 Nc6 3. Bb5 a6 4. Ba4 Nf6 5. O-O Be7 6. Re1 b5 7. Bb3 d6 8. c3 O-O 9. a3 Na5 10. Bc2 c5 11. d4 cxd4 12. cxd4 Qc7 13. Re3 Bg4 14. Rc3 Qb7 15. d5 Rfc8 16. h3 Bd7 17. b3 Rxc3 18. Nxc3 Rc8 19. Bd2 Bd8 20. Ne2 Bb6 21. Rc1 Qa7 22. Qe1 Rxc2 23. Rxc2 Nxe4 24. Qc1 h6 25. Bxa5 Bxa5 26. Qe3 Qxe3 27. fxe3 Bb6 28. Kf1 Bxe3 29. Rc7 Bf5 30. g4 Bg6 31. Rc8+ Kh7 32. Ra8 Nf6 33. Rxa6 Be4 34. Nh4 Bd3 35. Rxd6 Ne4 36. Nf5 Nxd6 37. Nxe3 g6 38. Ke1 f5 39. gxf5 gxf5 40. Kd2 Be4 41. Nc3 1/2-1/2

[Event "Dieren Open"]
[Site "Dieren NED"]
[Date "1988.??.??"]
[Round "2"]
[White "Nijboer, Friso"]
[Black "Voormans, Jan"]
[Result "1-0"]
[WhiteElo "2375"]
[BlackElo "2210"]
[PlyCount "79"]
[EventDate "1988.??.??"]
[Source "www.chesslib.no"]
[SourceDate "2004.05.04"]

1. e4 e5 2. Nf3 Nc6 3. Bb5 a6 4. Ba4 Nf6 5. O-O Be7 6. Re1 b5 7. Bb3 d6 8. c3 O-O 9. a3 Na5 10. Bc2 c5 11. d4 Qc7 12. Nbd2 cxd4 13. cxd4 Bb7 14. Nf1 Rac8 15. Re2 d5 16. dxe5 Nxe4 17. Ng3 f5 18. exf6 Bxf6 19. Nxe4 dxe4 20. Bxe4 Rcd8 21. Qe1 Bxe4 22. Rxe4 Nc4 23. Bg5 Nxb2 24. Bxf6 Rxf6 25. Re8+ Rxe8 26. Qxe8+ Rf8 27. Qe6+ Kh8 28. Qxa6 Qc5 29. Qe6 Nd3 30. Qe3 Qc2 31. Nd4 Qc4 32. Rd1 Nf4 33. Rd2 h6 34. Qb3 Qc5 35. Kh1 b4 36. Qe3 Qd5 37. Nf3 Qb7 38. Rd4 Qb8 39. Qe5 Qxe5 40. Nxe5 1-0

[Event "79. ch-ARG"]
[Site "?"]
[Date "2004.10.01"]
[Round "9"]
[White "Needleman Gaston"]
[Black "Cristobal Ruben"]
[Result "1-0"]
[WhiteElo "2224"]
[BlackElo "2316"]
[PlyCount "109"]
[EventDate "2004.??.??"]
[Source "www.chesslib.no"]
[SourceDate "2004.05.04"]

1. e4 e5 2. Nf3 Nc6 3. Bb5 a6 4. Ba4 Nf6 5. O-O Be7 6. Re1 b5 7. Bb3 O-O 8. c3 d6 9. a3 h6 10. d4 Re8 11. Nbd2 Bf8 12. d5 Na5 13. Ba2 c5 14. b4 Nb7 15. Nf1 g6 16. Ng3 Bg7 17. Bb1 Bd7 18. Be3 Ng4 19. Bd2 a5 20. h3 Nf6 21. Bd3 Rf8 22. Qc1 Kh7 23. Nh2 Rc8 24. Qb2 Ne8 25. Be3 c4 26. Bc2 Ra8 27. a4 bxa4 28. Bxa4 f5 29. bxa5 Nc5 30. Bxc5 dxc5 31. Bxd7 Qxd7 32. Nf3 f4 33. Nf1 Nd6 34. N1d2 Rfb8 35. Qa2 Qb5 36. Reb1 Qa6 37. Rxb8 Rxb8 38. Ne1 g5 39. Nc2 h5 40. Na3 Qxa5 41. Naxc4 Qxc3 42. Nxd6 Rb2 43. Qa7 Qxd2 44. Rf1 Qb4 45. Qf7 c4 46. Ne8 Qf8 47. Nf6+ Kh8 48. Qxh5+ Bh6 49. Qg6 Qg7 50. Qe8+ Qf8 51. Qxe5 Qb8 52. Qf5 Qb7 53. Ra1 Rb1+ 54. Rxb1 Qxb1+ 55. Kh2 1-0

[Event "Reykjavik Open"]
[Site "Reykjavik ISL"]
[Date "1993.??.??"]
[Round "7"]
[White "Hansson, Dan"]
[Black "Sigfusson, Sigurdur"]
[Result "0-1"]
[WhiteElo "2250"]
[BlackElo "2290"]
[PlyCount "70"]
[EventDate "1993.??.??"]
[Source "www.chesslib.no"]
[SourceDate "2004.05.04"]

1. e4 e5 2. Nf3 Nc6 3. Bb5 a6 4. Ba4 Nf6 5. O-O Be7 6. Re1 b5 7. Bb3 O-O 8. a3 d6 9. c3 Bg4 10. h3 Bh5 11. d3 Na5 12. Bc2 c5 13. Nbd2 c4 14. g4 Bg6 15. b4 cxd3 16. Bxd3 Nc6 17. c4 bxc4 18. Bxc4 d5 19. exd5 Nxd5 20. Bb2 Nf4 21. Nxe5 Nxh3+ 22. Kg2 Nf4+ 23. Kg3 Bh4+ 24. Kf3 Nd4+ 25. Bxd4 Qxd4 26. Re3 Nh3 27. Nxg6 hxg6 28. Kg2 Nxf2 29. Qf3 Qxa1 30. Bxf7+ Rxf7 31. Qxa8+ Kh7 32. Nf1 Nd3 33. Nh2 Rf2+ 34. Kh3 Nf4+ 35. Kxh4 g5+ 0-1

[Event "Europe (championnat jeunes)"]
[Site "?"]
[Date "2004.??.??"]
[Round "4.6"]
[White "Choisy Mathilde"]
[Black "Fakhretdinova Margarita"]
[Result "1/2-1/2"]
[WhiteElo "2071"]
[BlackElo "2197"]
[PlyCount "62"]
[EventDate "2004.??.??"]
[Source "www.chesslib.no"]
[SourceDate "2004.05.04"]

1. e4 e5 2. Nf3 Nc6 3. Bb5 a6 4. Ba4 Nf6 5. O-O Be7 6. Re1 b5 7. Bb3 d6 8. c3 O-O 9. a3 Na5 10. Bc2 Bg4 11. h3 Bh5 12. d4 Nd7 13. Nbd2 c5 14. g4 Bg6 15. Nf1 exd4 16. cxd4 f6 17. Ne3 Re8 18. Nf5 Bf8 19. Bf4 Bxf5 20. exf5 Rc8 21. dxc5 Ne5 22. Bb3+ Nxb3 23. Qxb3+ Kh8 24. cxd6 Bxd6 25. Rad1 Qc7 26. Nxe5 Bxe5 27. Be3 Qb6 28. Rd5 Re7 29. Qd1 Bb8 30. Rd7 Ree8 31. Rd8 Qc6 1/2-1/2

[Event "Bad Wörishofen(06.03.-14.03)"]
[Site "?"]
[Date "1998.??.??"]
[Round "9"]
[White "Kraft Hans"]
[Black "Fels Karl-Heinz"]
[Result "0-1"]
[WhiteElo "2047"]
[BlackElo "1934"]
[PlyCount "138"]
[EventDate "1998.??.??"]
[Source "www.chesslib.no"]
[SourceDate "2004.05.04"]

1. e4 e5 2. Nf3 Nc6 3. Bb5 a6 4. Ba4 Nf6 5. O-O b5 6. Bb3 Be7 7. Re1 O-O 8. a3 d6 9. c3 Na5 10. Bc2 c5 11. h3 Qc7 12. d4 cxd4 13. cxd4 Re8 14. b3 h6 15. Bb2 Bf8 16. Nbd2 Nc6 17. Rc1 Bd7 18. Nf1 Rac8 19. Ne3 Qb8 20. d5 Ne7 21. Nh4 g5 22. Nhf5 Nxf5 23. exf5 Bg7 24. Qd2 Qb6 25. Rcd1 Rc7 26. Bc3 Qb8 27. Ba5 Rc5 28. g4 Bf8 29. Bb4 Rc7 30. Kg2 Rec8 31. Bb1 Qa7 32. Ba5 Rc5 33. Rh1 Qb7 34. Bb4 Nxd5 35. Nxd5 Rxd5 36. Qxd5 Bc6 37. Be4 Bxd5 38. Rxd5 Qb6 39. Rhd1 Rd8 40. Rc1 f6 41. Rd3 a5 42. Bd5+ Kg7 43. Bd2 b4 44. axb4 axb4 45. Rc4 Rb8 46. Bxb4 Be7 47. Bd2 Qa6 48. Rdc3 Qb5 49. Be6 Bd8 50. Rc1 Qb7+ 51. f3 Kf8 52. Rc6 Ke7 53. R1c4 Qa7 54. Bb4 Qe3 55. Bxd6+ Ke8 56. Rc2 e4 57. fxe4 Qxe4+ 58. Kh2 Ra8 59. R6c4 Qf3 60. R4c3 Qd1 61. Bg3 Ra1 62. Bf2 Qh1+ 63. Kg3 Qd1 64. Rc4 Qd3+ 65. Kg2 Qf1+ 66. Kg3 Rd1 67. R2c3 Rd2 68. Rf3 Rd3 69. Re4 Bc7+ 0-1

[Event "Corr"]
[Site "?"]
[Date "2000.05.16"]
[Round "?"]
[White "Vraimakis John"]
[Black "Cortês José"]
[Result "0-1"]
[WhiteElo "1178"]
[BlackElo "1075"]
[PlyCount "68"]
[EventDate "2000.??.??"]
[Source "www.chesslib.no"]
[SourceDate "2004.05.04"]

1. e4 e5 2. Nf3 Nc6 3. Bb5 a6 4. Ba4 Nf6 5. O-O Be7 6. Re1 b5 7. Bb3 d6 8. c3 O-O 9. a3 Na5 10. Bc2 c5 11. d4 Nc6 12. Be3 Qc7 13. d5 Na5 14. b4 Nc4 15. Bg5 Nh5 16. Bxe7 Qxe7 17. Bb3 Qf6 18. h3 Nf4 19. Kh2 Qh6 20. Ng1 Nb2 21. Qf3 c4 22. Bc2 f5 23. g3 fxe4 24. Rxe4 Nxh3 25. Rh4 Rxf3 26. Rxh6 Rxf2+ 27. Kh1 gxh6 28. Be4 Rf1 29. Kh2 Nxg1 30. Bg2 Re1 31. Bf3 Nxf3+ 32. Kg2 Ng5 33. Kf2 Nd3+ 34. Kg2 Bh3+ 0-1